[Event "Quebec op U2000"]
[Site "Longueuil CAN"]
[Date "2018.07.21"]
[Round "1.29"]
[White "Zhang, Hou Han"]
[Black "Lalumiere, Claude"]
[Result "1-0"]
[WhiteElo "1770"]
[BlackElo "1923"]
[PlyCount "97"]
[EventDate "2018.07.21"]
[EventType "swiss"]
[EventRounds "9"]
[EventCountry "CAN"]

1. Nf3 f5 2. g3 Nf6 3. Bg2 d5 4. d4 e6 5. Bg5 Be7 6. O-O Nbd7 7. c4 c6 8. Nc3
O-O 9. e3 h6 10. Bxf6 Bxf6 11. cxd5 exd5 12. b4 a6 13. a4 Nb6 14. Nd2 Be6 15.
a5 Nd7 16. Nb3 Bf7 17. Nc5 Rb8 18. Qc2 g6 19. Rfb1 Kg7 20. N3a4 Qe7 21. Nxd7
Qxd7 22. Nc5 Qd6 23. Nd3 Rfe8 24. Qc5 Qd8 25. Nf4 Be7 26. Qc3 Bd6 27. Nd3 Qf6
28. Re1 Re7 29. f4 Rbe8 30. Ne5 Be6 31. Rab1 Rh8 32. h4 Kf8 33. Kf2 Rg7 34. Rh1
Rhg8 35. Rbg1 Qe7 36. Nd3 Bc8 37. Bxd5 Be6 38. Bf3 g5 39. hxg5 hxg5 40. Rh6
gxf4 41. exf4 Rxg3 42. Rxg3 Rxg3 43. d5 Rxf3+ 44. Kxf3 Bxd5+ 45. Kf2 Ke8 46.
Qh8+ Kd7 47. Rh7 Bf7 48. Qd4 Kc7 49. Qg7 1-0

[Event "Quebec op U2000"]
[Site "Longueuil CAN"]
[Date "2018.07.21"]
[Round "1.30"]
[White "Richard, Leo"]
[Black "Samson, Gaetan"]
[Result "1/2-1/2"]
[WhiteElo "1915"]
[BlackElo "1755"]
[PlyCount "108"]
[EventDate "2018.07.21"]
[EventType "swiss"]
[EventRounds "9"]
[EventCountry "CAN"]

1. e4 c5 2. Nf3 d6 3. d4 cxd4 4. Nxd4 Nf6 5. Nc3 a6 6. Bg5 e6 7. f4 Be7 8. Qf3
Qc7 9. O-O-O Nc6 10. Nb3 Bd7 11. g4 b5 12. Bxf6 Bxf6 13. g5 Be7 14. h4 Rc8 15.
Bd3 Na5 16. Kb1 Nc4 17. f5 Nxb2 18. Nxb5 axb5 19. Kxb2 Qc3+ 20. Kb1 d5 21. fxe6
fxe6 22. Qf2 Ba3 23. Qd4 Qxd4 24. Nxd4 dxe4 25. Bxe4 Rc4 26. Bf3 Rf8 27. Be2
Rb4+ 28. Nb3 Bc6 29. Rh3 Rf2 30. Bd3 g6 31. h5 Be4 32. hxg6 hxg6 33. Re3 Bxd3
34. Rexd3 e5 35. Rd8+ Ke7 36. R8d7+ Ke8 37. Ra7 Ra4 38. Rxa4 bxa4 39. Nd2 Rf4
40. Re1 Kd7 41. Rxe5 Bb4 42. Ne4 a3 43. c3 Bf8 44. Nf6+ Kd6 45. Ra5 Ke6 46. Kc2
Rf2+ 47. Kb1 Rb2+ 48. Ka1 Rc2 49. Kb1 Rxc3 50. Nd5 Rf3 51. Nc7+ Kd7 52. Nb5
Rf1+ 53. Kc2 Rf2+ 54. Kb1 Rb2+ 1/2-1/2

[Event "Quebec op U2000"]
[Site "Longueuil CAN"]
[Date "2018.07.21"]
[Round "1.31"]
[White "Leger, Manon"]
[Black "Morin, Louis"]
[Result "1/2-1/2"]
[WhiteElo "1752"]
[BlackElo "1899"]
[PlyCount "134"]
[EventDate "2018.07.21"]
[EventType "swiss"]
[EventRounds "9"]
[EventCountry "CAN"]

1. e4 c5 2. Nf3 e6 3. d4 cxd4 4. Nxd4 Nf6 5. Nc3 Nc6 6. Ndb5 d6 7. Bf4 Ne5 8.
Qd4 a6 9. Nxd6+ Qxd6 10. Bxe5 Qxd4 11. Bxd4 Bd7 12. Be2 Bc6 13. f3 O-O-O 14.
O-O-O Be7 15. Bc4 b5 16. Bb3 Nd7 17. a3 a5 18. g3 Rhg8 19. a4 b4 20. Nb5 Bxb5
21. axb5 Bc5 22. f4 Bxd4 23. Rxd4 Nb6 24. Rhd1 Rxd4 25. Rxd4 Rd8 26. c3 a4 27.
Bd1 b3 28. Be2 Kc7 29. Rxd8 Kxd8 30. c4 Nd7 31. e5 Kc7 32. Kd2 Kb6 33. Kc3 Kc5
34. Bh5 g6 35. Bf3 Nb6 36. Bc6 Nxc4 37. Be8 Nb6 38. Bxf7 Nd5+ 39. Kd2 Nc7 40.
h4 Kxb5 41. Bg8 h6 42. Bh7 Kc5 43. Bxg6 Kd4 44. Bd3 Nd5 45. Bb5 Ne3 46. Ke2 Nf5
47. Bxa4 Nxg3+ 48. Kf3 Nf5 49. Bxb3 Nxh4+ 50. Kg4 Ng6 51. Bxe6 Ke3 52. f5 Nxe5+
53. Kh5 Nd3 54. b3 Kd4 55. Bc4 Nf4+ 56. Kxh6 Ke5 57. Kg5 Nh3+ 58. Kg4 Nf2+ 59.
Kf3 Ne4 60. Be6 Nc5 61. b4 Nxe6 62. fxe6 Kxe6 63. Ke4 Kd6 64. Kd4 Kc6 65. Kc4
Kb6 66. b5 Kb7 67. Kc5 Kc7 1/2-1/2

[Event "Quebec op U2000"]
[Site "Longueuil CAN"]
[Date "2018.07.21"]
[Round "1.32"]
[White "Hadji Ghanbari, Nader"]
[Black "Duplessis, Claude"]
[Result "0-1"]
[WhiteElo "1895"]
[BlackElo "1712"]
[PlyCount "96"]
[EventDate "2018.07.21"]
[EventType "swiss"]
[EventRounds "9"]
[EventCountry "CAN"]

1. d4 f5 2. g3 Nf6 3. Bg2 e6 4. Nf3 Be7 5. c4 O-O 6. Nc3 d6 7. O-O Ne4 8. Qb3
Nxc3 9. bxc3 Nc6 10. h4 Na5 11. Qa4 c5 12. Ng5 Bd7 13. Qc2 Nxc4 14. Bxb7 Rb8
15. Ba6 Nb6 16. a4 h6 17. Nh3 Bc6 18. Nf4 Rf6 19. Nh5 Rg6 20. Nf4 Rf6 21. h5 e5
22. dxe5 dxe5 23. Rd1 Qe8 24. Ng6 Rxg6 25. hxg6 Qxg6 26. Bb5 Bb7 27. Be3 Qg4
28. Bd7 Qh3 29. f3 Qxg3+ 30. Kf1 Bh4 31. Qxf5 Nxd7 32. Rxd7 Bc8 33. Bxc5 Bxd7
34. Qxd7 Rf8 35. Rb1 Kh8 36. Qe6 e4 37. Bd4 exf3 38. Qxh6+ Kg8 39. Qxg7+ Qxg7
40. Bxg7 Kxg7 41. Rb7+ Rf7 42. Rxf7+ Kxf7 43. exf3 Ke6 44. Ke2 Kd5 45. Kd3 Kc5
46. f4 Bf6 47. a5 a6 48. c4 Bd8 0-1

[Event "Quebec op U2000"]
[Site "Longueuil CAN"]
[Date "2018.07.21"]
[Round "1.33"]
[White "Balogh, Alex"]
[Black "Mangahas, Ronald"]
[Result "0-1"]
[WhiteElo "1703"]
[BlackElo "1890"]
[PlyCount "70"]
[EventDate "2018.07.21"]
[EventType "swiss"]
[EventRounds "9"]
[EventCountry "CAN"]

1. f4 Nf6 2. Nf3 g6 3. g3 Bg7 4. Bg2 d6 5. d3 O-O 6. O-O c5 7. e4 Nc6 8. Nc3 a6
9. a4 Bg4 10. h3 Bxf3 11. Bxf3 Nd4 12. Bg2 Rb8 13. Be3 b5 14. axb5 axb5 15. g4
b4 16. Ne2 Nb5 17. Qd2 Qc7 18. c3 bxc3 19. bxc3 Nd7 20. Rab1 Rb6 21. Rfc1 Rfb8
22. d4 Nxd4 23. Rxb6 Nxe2+ 24. Qxe2 Rxb6 25. Qc4 Qb8 26. Qf1 Rb3 27. Bd2 Rb2
28. Qd3 Qa7 29. Kh1 Qa2 30. Rd1 Nb6 31. e5 d5 32. Bf3 e6 33. h4 Nc4 34. Be1
Rh2+ 35. Kg1 Nb2 0-1

[Event "Quebec op U2000"]
[Site "Longueuil CAN"]
[Date "2018.07.21"]
[Round "1.34"]
[White "Parenteau, Francois"]
[Black "Demers, Alexis"]
[Result "0-1"]
[WhiteElo "1884"]
[BlackElo "1686"]
[PlyCount "48"]
[EventDate "2018.07.21"]
[EventType "swiss"]
[EventRounds "9"]
[EventCountry "CAN"]

1. d4 Nf6 2. Nf3 g6 3. Bf4 Bg7 4. e3 d6 5. Be2 O-O 6. O-O Bf5 7. h3 Re8 8. c4
Nbd7 9. Nc3 c5 10. g4 Be4 11. g5 Bxf3 12. Bxf3 Nh5 13. Bxh5 gxh5 14. Qxh5 cxd4
15. Ne4 Nc5 16. Ng3 e5 17. exd4 exf4 18. Nf5 Ne6 19. Kh2 Nxd4 20. Nh6+ Bxh6 21.
gxh6 Qf6 22. Rad1 Qf5 23. Rg1+ Kh8 24. Rg5 Qxg5 0-1

[Event "Quebec op U2000"]
[Site "Longueuil CAN"]
[Date "2018.07.21"]
[Round "1.35"]
[White "Sharpe, Michael"]
[Black "Marchand, Jacques"]
[Result "1-0"]
[WhiteElo "1653"]
[BlackElo "1882"]
[PlyCount "97"]
[EventDate "2018.07.21"]
[EventType "swiss"]
[EventRounds "9"]
[EventCountry "CAN"]

1. c4 e5 2. Nc3 c5 3. g3 Nc6 4. Bg2 d6 5. d3 g6 6. Nf3 Bg7 7. O-O Nge7 8. h3
O-O 9. e4 a6 10. Rb1 Rb8 11. Nd5 b5 12. Bg5 f6 13. Be3 Nxd5 14. cxd5 Nd4 15.
Bxd4 exd4 16. b4 Qb6 17. a4 bxa4 18. bxc5 Qxb1 19. Qxb1 Rxb1 20. Rxb1 dxc5 21.
Rc1 Bd7 22. Nd2 Rc8 23. Nc4 Bb5 24. Kf1 Bxc4 25. Rxc4 a3 26. d6 Bf8 27. e5 fxe5
28. Bd5+ Kg7 29. d7 Rd8 30. Bc6 Rb8 31. Kg2 Be7 32. Ra4 Rb3 33. Be4 Bd8 34.
Rxa6 Kf8 35. h4 Ke7 36. h5 Kxd7 37. hxg6 hxg6 38. Bxg6 Be7 39. Bf5+ Kc7 40.
Ra7+ Rb7 41. Ra6 Kb8 42. Be6 e4 43. Bd5 exd3 44. Rxa3 c4 45. Ra4 d2 46. Bf3 c3
47. Ra2 Ra7 48. Rxa7 Kxa7 49. Bd1 1-0

[Event "Quebec op U2000"]
[Site "Longueuil CAN"]
[Date "2018.07.21"]
[Round "1.36"]
[White "Craciun, David"]
[Black "Gil, Bernardo"]
[Result "1-0"]
[WhiteElo "1879"]
[BlackElo "1636"]
[PlyCount "69"]
[EventDate "2018.07.21"]
[EventType "swiss"]
[EventRounds "9"]
[EventCountry "CAN"]

1. d4 d6 2. Bf4 Nf6 3. Nc3 Bf5 4. Nf3 h6 5. Nd2 Nh5 6. Be3 e5 7. f3 exd4 8.
Bxd4 Nf6 9. e4 Be6 10. Bc4 Nc6 11. Bf2 d5 12. Bb3 Bb4 13. O-O O-O 14. Qe2 dxe4
15. Ncxe4 Bxb3 16. axb3 Nxe4 17. Nxe4 Re8 18. Qb5 Qc8 19. Bxa7 Re5 20. Qc4 Qe8
21. Bf2 Raa5 22. Bg3 Bc5+ 23. Kh1 b5 24. Qd3 Nb4 25. Qc3 Rxa1 26. Rxa1 Rxe4 27.
fxe4 Bf8 28. Qxc7 Qxe4 29. Re1 Qd5 30. h3 Kh7 31. Qe5 Qd2 32. Qe8 Bc5 33. Qxf7
Nxc2 34. Qf5+ Kg8 35. Re8+ 1-0

[Event "Quebec op U2000"]
[Site "Longueuil CAN"]
[Date "2018.07.21"]
[Round "1.37"]
[White "Pommainville, Roland"]
[Black "Selling, Edward"]
[Result "0-1"]
[WhiteElo "1634"]
[BlackElo "1845"]
[PlyCount "60"]
[EventDate "2018.07.21"]
[EventType "swiss"]
[EventRounds "9"]
[EventCountry "CAN"]

1. Nf3 Nf6 2. b3 g6 3. Bb2 Bg7 4. h3 O-O 5. e3 d5 6. d4 c6 7. Nbd2 Re8 8. Bd3
Nfd7 9. c4 e5 10. Qc2 e4 11. Nxe4 dxe4 12. Bxe4 Nf6 13. Bd3 Na6 14. Bc3 Qe7 15.
a3 Ne4 16. Bxe4 Qxe4 17. Qe2 h6 18. O-O-O Bf5 19. Qb2 Nc7 20. Ne1 b5 21. Rg1
bxc4 22. b4 Nd5 23. Kd2 Rab8 24. g4 Bd7 25. Nc2 Qf3 26. Rdf1 Qxh3 27. Rg3 Qxf1
28. Rf3 Qd3+ 29. Kc1 Nxc3 30. Ne1 Qd1# 0-1

[Event "Quebec op U2000"]
[Site "Longueuil CAN"]
[Date "2018.07.21"]
[Round "1.38"]
[White "Messier, David"]
[Black "Desmarais, Serge"]
[Result "0-1"]
[WhiteElo "1826"]
[BlackElo "1626"]
[PlyCount "69"]
[EventDate "2018.07.21"]
[EventType "swiss"]
[EventRounds "9"]
[EventCountry "CAN"]

1. e4 e6 2. d4 d5 3. e5 c5 4. c3 Qb6 5. Nf3 Nc6 6. Bd3 Nge7 7. dxc5 Qxc5 8. O-O
a6 9. a4 Ng6 10. Re1 Qa7 11. b4 b6 12. Na3 Nb8 13. b5 a5 14. Be3 Qc7 15. h4 Bc5
16. h5 Ne7 17. Bd4 Nd7 18. Nc2 Bb7 19. Ne3 h6 20. Rc1 Rc8 21. Ng4 Qd8 22. Qd2
Rc7 23. c4 Bb4 24. Bc3 Bxc3 25. Rxc3 Nc5 26. Bc2 Qc8 27. Rd1 dxc4 28. Rxc4 Nd5
29. Be4 Nxe4 30. Rxe4 Nc3 31. Rd4 Nxd1 32. Qxd1 Rc1 33. Rd8+ Ke7 34. Rxc8 Rxd1+
35. Kh2 0-1

[Event "Quebec op U2000"]
[Site "Longueuil CAN"]
[Date "2018.07.21"]
[Round "1.39"]
[White "Armstrong, Robert J"]
[Black "Turgeon, Yoakim"]
[Result "0-1"]
[WhiteElo "1512"]
[BlackElo "1825"]
[PlyCount "38"]
[EventDate "2018.07.21"]
[EventType "swiss"]
[EventRounds "9"]
[EventCountry "CAN"]

1. d4 d5 2. Nf3 e6 3. e3 Bd6 4. c4 c6 5. Bd3 f5 6. c5 Bc7 7. O-O Nf6 8. Ne5
Bxe5 9. dxe5 Nfd7 10. b4 Nxe5 11. Bb2 Qc7 12. Nc3 O-O 13. Ne2 Nbd7 14. h3 b6
15. Nf4 Nxd3 16. Nxe6 Nxb2 17. Nxc7 Nxd1 18. Nxa8 Nc3 19. cxb6 Ba6 0-1

[Event "Quebec op U2000"]
[Site "Longueuil CAN"]
[Date "2018.07.22"]
[Round "2.26"]
[White "Steinberg, Ellis"]
[Black "De Lagrave, Sylvain"]
[Result "1-0"]
[WhiteElo "1801"]
[BlackElo "1953"]
[PlyCount "107"]
[EventDate "2018.07.21"]
[EventType "swiss"]
[EventRounds "9"]
[EventCountry "CAN"]

1. e4 c5 2. Nf3 d6 3. d3 Nc6 4. g3 g6 5. Bg2 Bg7 6. c3 Nf6 7. O-O O-O 8. Re1 e6
9. d4 cxd4 10. cxd4 e5 11. d5 Ne7 12. Nc3 Bd7 13. Qb3 Qa5 14. Bd2 Rfc8 15. Bf1
Qc7 16. Rac1 Qb8 17. Kg2 h6 18. h3 Ne8 19. Ng1 f5 20. f3 Nf6 21. Bb5 Bxb5 22.
Qxb5 Qc7 23. Qd3 Qd7 24. a4 Rc7 25. Nb5 Rxc1 26. Rxc1 Ne8 27. Bb4 a6 28. Nc3
Rc8 29. Nge2 Bf6 30. b3 Kf7 31. a5 Rc7 32. Na4 Rxc1 33. Nxc1 Qc7 34. Qc3 Qxc3
35. Bxc3 Nc8 36. Ne2 fxe4 37. fxe4 Nc7 38. Bd2 h5 39. Nec3 Bd8 40. Be3 Na8 41.
b4 b6 42. axb6 Naxb6 43. Nxb6 Bxb6 44. Bd2 Bd4 45. Na4 Na7 46. Nc3 Nb5 47. Ne2
Bb2 48. Kf3 Nd4+ 49. Nxd4 Bxd4 50. Ke2 Kf6 51. Kd3 g5 52. g4 hxg4 53. hxg4 a5
54. bxa5 1-0

[Event "Quebec op U2000"]
[Site "Longueuil CAN"]
[Date "2018.07.22"]
[Round "2.27"]
[White "Mangahas, Ronald"]
[Black "Zhang, Hou Han"]
[Result "1-0"]
[WhiteElo "1890"]
[BlackElo "1770"]
[PlyCount "93"]
[EventDate "2018.07.21"]
[EventType "swiss"]
[EventRounds "9"]
[EventCountry "CAN"]

1. e4 c5 2. Nf3 d6 3. d4 cxd4 4. Nxd4 Nf6 5. Nc3 g6 6. Bc4 Bg7 7. O-O O-O 8.
Bb3 Nc6 9. Nxc6 bxc6 10. Qe2 Qa5 11. Re1 Ba6 12. Bc4 Bxc4 13. Qxc4 d5 14. exd5
cxd5 15. Qb5 Qxb5 16. Nxb5 e6 17. Be3 Rab8 18. Nxa7 Rxb2 19. a4 Rxc2 20. Ra3
Ng4 21. Bb6 Bc3 22. Rb1 d4 23. Nb5 Rc8 24. f3 d3 25. Rxc3 R8xc3 26. Nxc3 d2 27.
Ne2 Ne5 28. Bd4 Nd7 29. Rd1 Ra2 30. Be3 Ne5 31. Rxd2 Ra1+ 32. Kf2 Rxa4 33. Rd8+
Kg7 34. Bd4 Kf6 35. Rh8 Kg7 36. Bxe5+ f6 37. Bxf6+ Kxf6 38. Rxh7 Ra2 39. h4 Rb2
40. g4 g5 41. h5 Rb4 42. Nc3 Rb2+ 43. Kg3 Rb3 44. Ne4+ Ke5 45. Nxg5 Kf6 46.
Rh6+ Kxg5 47. Rg6# 1-0

[Event "Quebec op U2000"]
[Site "Longueuil CAN"]
[Date "2018.07.22"]
[Round "2.28"]
[White "Duplessis, Claude"]
[Black "Craciun, David"]
[Result "0-1"]
[WhiteElo "1712"]
[BlackElo "1879"]
[PlyCount "56"]
[EventDate "2018.07.21"]
[EventType "swiss"]
[EventRounds "9"]
[EventCountry "CAN"]

1. e4 e5 2. Nf3 Nc6 3. Bb5 a6 4. Ba4 Nf6 5. O-O Be7 6. Re1 b5 7. Bb3 O-O 8. c3
d5 9. exd5 Nxd5 10. Nxe5 Nxe5 11. Rxe5 c6 12. d4 Bd6 13. Re1 Qh4 14. g3 Qh3 15.
Re4 g5 16. Qf3 Bf5 17. Re1 Rae8 18. Bd2 Rxe1+ 19. Bxe1 Re8 20. Nd2 Be6 21. Qg2
Qh5 22. Nf1 Bh3 23. Qh1 Qe2 24. Bd2 Bxf1 25. Bxd5 Qxd2 26. Bxc6 Re1 27. Rxe1
Qxe1 28. Qe4 Be2+ 0-1

[Event "Quebec op U2000"]
[Site "Longueuil CAN"]
[Date "2018.07.22"]
[Round "2.29"]
[White "Selling, Edward"]
[Black "Demers, Alexis"]
[Result "1/2-1/2"]
[WhiteElo "1845"]
[BlackElo "1686"]
[PlyCount "71"]
[EventDate "2018.07.21"]
[EventType "swiss"]
[EventRounds "9"]
[EventCountry "CAN"]

1. d4 f5 2. Nf3 e6 3. Nbd2 Nf6 4. e3 d5 5. Bd3 c6 6. Ne5 Bd6 7. Ndf3 Nbd7 8.
Nxd7 Bxd7 9. Bd2 O-O 10. a3 a5 11. O-O Ne4 12. Ne5 Qc7 13. f4 c5 14. c3 c4 15.
Bxe4 fxe4 16. Nxd7 Qxd7 17. Be1 b5 18. g4 g5 19. Bg3 h6 20. Qe2 b4 21. axb4
axb4 22. Rxa8 Rxa8 23. cxb4 Bxb4 24. fxg5 hxg5 25. Be5 Rf8 26. Rf6 Rxf6 27.
Bxf6 Be7 28. Qf2 Qd8 29. Be5 Qf8 30. Qg3 Qa8 31. Qf2 Qa1+ 32. Kg2 Qc1 33. Bg3
Kg7 34. Be5+ Kg6 35. h3 Bd8 36. Kh2 1/2-1/2

[Event "Quebec op U2000"]
[Site "Longueuil CAN"]
[Date "2018.07.22"]
[Round "2.30"]
[White "Turgeon, Yoakim"]
[Black "Sharpe, Michael"]
[Result "1/2-1/2"]
[WhiteElo "1825"]
[BlackElo "1653"]
[PlyCount "122"]
[EventDate "2018.07.21"]
[EventType "swiss"]
[EventRounds "9"]
[EventCountry "CAN"]

1. d4 Nf6 2. e3 e6 3. Bd3 d5 4. f4 Ne4 5. Nf3 Be7 6. Nbd2 f5 7. Ne5 O-O 8. O-O
Nd7 9. Ndf3 Bf6 10. Bd2 Nxe5 11. Nxe5 Bxe5 12. fxe5 a5 13. Bxe4 fxe4 14. Qg4
Bd7 15. Rxf8+ Qxf8 16. Rf1 Qe8 17. Be1 Qg6 18. Qh4 b6 19. Qe7 Qe8 20. Qa3 Qh5
21. Qe7 Qe8 22. Qg5 Qg6 23. Qf4 Qf5 24. Qh4 Qg6 25. Bg3 Re8 26. Rf4 Qh6 27. Qg4
Qg6 28. Qh3 Rf8 29. Rg4 Qf5 30. Bf4 h5 31. Rg3 Qxh3 32. gxh3 Bb5 33. Rg2 Rf5
34. Rg5 Rxg5+ 35. Bxg5 c5 36. Bd8 c4 37. Bxb6 a4 38. b3 axb3 39. axb3 cxb3 40.
cxb3 Kf7 41. Kf2 g6 42. Bd8 Ke8 43. Bh4 Kf7 44. Ke1 Ke8 45. Bf6 Kd7 46. h4 Ke8
47. Kd2 Kd7 48. Bg7 Bf1 49. Kc3 Kc6 50. Kb4 Kb7 51. Kc5 Bh3 52. b4 Bf5 53. b5
Bh3 54. Bf6 Bf5 55. Bd8 Bh3 56. b6 Bf5 57. Kd6 Bh3 58. Ke7 Kc6 59. Bc7 Bf5 60.
Kd8 Kb7 61. Kd7 Bh3 1/2-1/2

[Event "Quebec op U2000"]
[Site "Longueuil CAN"]
[Date "2018.07.22"]
[Round "2.31"]
[White "Desmarais, Serge"]
[Black "Richard, Leo"]
[Result "1/2-1/2"]
[WhiteElo "1626"]
[BlackElo "1915"]
[PlyCount "86"]
[EventDate "2018.07.21"]
[EventType "swiss"]
[EventRounds "9"]
[EventCountry "CAN"]

1. d4 Nf6 2. c4 e6 3. Nf3 d5 4. Bg5 Be7 5. e3 O-O 6. Nc3 Nbd7 7. Rc1 c6 8. Be2
b6 9. Ne5 Bb7 10. cxd5 Nxe5 11. Bxf6 gxf6 12. dxe5 cxd5 13. exf6 Bxf6 14. O-O
Bg7 15. Bf3 Kh8 16. g3 Rb8 17. b3 Be5 18. Ne2 Qf6 19. Nd4 Rbc8 20. Qd3 Qe7 21.
a4 Rc5 22. Rc2 Rfc8 23. Rfc1 Qf6 24. Bd1 Bb8 25. b4 Rxc2 26. Rxc2 Rxc2 27. Bxc2
Qg7 28. b5 Bd6 29. Nc6 a6 30. Nd8 Ba8 31. bxa6 Bc7 32. Nb7 f5 33. Qb5 Bxb7 34.
axb7 Qe7 35. Bd3 Kg8 36. Qc6 Kg7 37. Qxb6 Bxb6 38. b8=Q Qd8 39. Qf4 Qf6 40. Qb4
Qd8 41. Kg2 d4 42. exd4 Qxd4 43. Qxd4+ Bxd4 1/2-1/2

[Event "Quebec op U2000"]
[Site "Longueuil CAN"]
[Date "2018.07.22"]
[Round "2.32"]
[White "Beaudry, Marc-Andre"]
[Black "Leger, Manon"]
[Result "1/2-1/2"]
[WhiteElo "1996"]
[BlackElo "1752"]
[PlyCount "116"]
[EventDate "2018.07.21"]
[EventType "swiss"]
[EventRounds "9"]
[EventCountry "CAN"]

1. c4 c5 2. Nf3 Nc6 3. d4 cxd4 4. Nxd4 Qc7 5. Nb5 Qb8 6. N1c3 a6 7. Nd4 d6 8.
e4 g6 9. Be2 Bg7 10. Be3 Nf6 11. f3 O-O 12. Qd2 Nxd4 13. Bxd4 e5 14. Be3 Be6
15. O-O Qc7 16. Rac1 Rac8 17. b3 Rfd8 18. Rfd1 Bf8 19. Bf1 Nd7 20. Nd5 Bxd5 21.
Qxd5 Kg7 22. Qd2 Be7 23. g3 Nc5 24. Qf2 Rf8 25. Qd2 Kh8 26. Bh6 Rg8 27. Be3 f5
28. b4 Ne6 29. Qd5 Ng7 30. Bd3 Qc6 31. Qf7 Qe8 32. Qd5 Qc6 33. a4 Rgf8 34. a5
Qxd5 35. exd5 f4 36. gxf4 exf4 37. Bb6 Bf6 38. Kg2 Bb2 39. Rc2 Be5 40. c5 Nf5
41. c6 Ne3+ 42. Bxe3 fxe3 43. Rdc1 Rc7 44. b5 axb5 45. Bxb5 Bd4 46. Rc4 Ba7 47.
a6 bxa6 48. Bxa6 Rf5 49. Rb4 Kg7 50. Rb7 Rff7 51. Rxc7 Rxc7 52. Rb1 Kf6 53. Kf1
Ke5 54. Bc4 Kd4 55. Ba2 Kd3 56. Rd1+ Kc2 57. Ke2 Bc5 58. Bc4 Kc3 1/2-1/2

[Event "Quebec op U2000"]
[Site "Longueuil CAN"]
[Date "2018.07.22"]
[Round "2.33"]
[White "Morin, Louis"]
[Black "Guipi Bopala, Prince Eric jr"]
[Result "0-1"]
[WhiteElo "1899"]
[BlackElo "1796"]
[PlyCount "131"]
[EventDate "2018.07.21"]
[EventType "swiss"]
[EventRounds "9"]
[EventCountry "CAN"]

1. e4 e5 2. Nf3 Nc6 3. Bc4 Bc5 4. Bxf7+ Kxf7 5. Nxe5+ Nxe5 6. Qh5+ Kf8 7. Qxe5
d6 8. Qg3 Nf6 9. d3 Kf7 10. O-O Rf8 11. c3 Kg8 12. d4 Bb6 13. f3 Qe7 14. Bg5
Qf7 15. Nd2 Bd7 16. b3 a6 17. Kh1 Rae8 18. Rfe1 Be6 19. Rad1 Nh5 20. Qf2 Nf4
21. Qe3 c6 22. Bxf4 Qxf4 23. Qxf4 Rxf4 24. g3 Rff8 25. Kg2 a5 26. h3 Rf7 27. f4
g6 28. Rf1 h5 29. Nf3 Bd8 30. c4 b5 31. d5 cxd5 32. cxd5 Bxh3+ 33. Kxh3 Rxe4
34. Nd4 Rb7 35. Rfe1 Rxe1 36. Rxe1 Kf7 37. Re6 Be7 38. Nc6 a4 39. b4 Rc7 40. f5
gxf5 41. Rh6 Bf6 42. Rh7+ Bg7 43. Rxh5 Kg6 44. Rh4 Bf6 45. Rf4 Rh7+ 46. Kg2 Kg5
47. Rf3 Be5 48. Re3 f4 49. gxf4+ Bxf4 50. Rh3 Rxh3 51. Kxh3 Kf5 52. Nd4+ Ke5
53. Nxb5 Bd2 54. Na7 Kxd5 55. b5 Kc5 56. Kg2 Bb4 57. Kf3 Kb6 58. Nc8+ Kxb5 59.
Ke4 Bc5 60. Ne7 Kb4 61. Kd3 Ka3 62. Kc2 Kxa2 63. Nd5 Ka3 64. Kc3 Bf2 65. Nf4
Bg3 66. Kc2 0-1

[Event "Quebec op U2000"]
[Site "Longueuil CAN"]
[Date "2018.07.22"]
[Round "2.34"]
[White "Samson, Gaetan"]
[Black "Robillard, Jean-Philippe"]
[Result "0-1"]
[WhiteElo "1755"]
[BlackElo "1819"]
[PlyCount "116"]
[EventDate "2018.07.21"]
[EventType "swiss"]
[EventRounds "9"]
[EventCountry "CAN"]

1. e4 e6 2. d4 d5 3. exd5 exd5 4. Nf3 Nf6 5. Bd3 Bg4 6. O-O Be7 7. Re1 O-O 8.
Nbd2 c5 9. dxc5 a5 10. Nf1 Nc6 11. c3 Bxc5 12. Ng3 Re8 13. Rxe8+ Qxe8 14. Bg5
Ne4 15. Bxe4 dxe4 16. Qd5 Bxf2+ 17. Kxf2 exf3 18. gxf3 Be6 19. Qd2 f6 20. Bf4
Rd8 21. Qe2 Qf7 22. Rg1 Bc4 23. Qc2 Ne5 24. Bxe5 fxe5 25. Nf5 Kh8 26. Rxg7 Qf6
27. Rxh7+ Kxh7 28. Nd6+ Qg6 29. Qxg6+ Kxg6 30. Nxc4 Kf5 31. Ke3 a4 32. Nb6 Rh8
33. Nxa4 Rxh2 34. c4 Rc2 35. c5 Ke6 36. a3 Kd5 37. b4 Kc6 38. Ke4 Re2+ 39. Kd3
Re1 40. Kc4 Rd1 41. b5+ Kc7 42. Nc3 Rd4+ 43. Kb3 Rd3 44. Kc4 Rxf3 45. a4 Kd7
46. a5 Rf1 47. a6 bxa6 48. bxa6 Kc6 49. Kb4 Ra1 50. Na4 Rb1+ 51. Kc4 Rb5 52. a7
Ra5 53. Kb4 Rxa7 54. Nc3 Rh7 55. Kc4 Rh4+ 56. Kd3 Kxc5 57. Ne4+ Kd5 58. Nc3+
Ke6 0-1

[Event "Quebec op U2000"]
[Site "Longueuil CAN"]
[Date "2018.07.22"]
[Round "2.36"]
[White "Lalumiere, Claude"]
[Black "Balogh, Alex"]
[Result "1-0"]
[WhiteElo "1923"]
[BlackElo "1703"]
[PlyCount "131"]
[EventDate "2018.07.21"]
[EventType "swiss"]
[EventRounds "9"]
[EventCountry "CAN"]

1. e4 d6 2. d4 Nf6 3. Nc3 g6 4. Bc4 Bg7 5. f3 c6 6. Be3 O-O 7. Bb3 e5 8. Nge2
Nbd7 9. Qd2 Qe7 10. O-O-O exd4 11. Nxd4 Ne5 12. Nde2 Rd8 13. Bg5 Be6 14. h3
Bxb3 15. axb3 Bf8 16. Qf4 Bg7 17. g4 h6 18. Bxh6 Bxh6 19. Qxh6 Nxf3 20. Rhf1
Ne5 21. Ng3 Nh7 22. Qe3 Qg5 23. Qd2 Qxd2+ 24. Rxd2 Rd7 25. Nce2 Ng5 26. Nf4
Rad8 27. Rfd1 Kg7 28. Rg2 Rh8 29. Rh1 Re8 30. h4 Ne6 31. Nfe2 Nc7 32. h5 Nxg4
33. hxg6 fxg6 34. Rh4 Ne5 35. Nh5+ Kf7 36. Rf2+ Ke7 37. Nf6 Rf8 38. Rh7+ Kd8
39. Nxd7 Rxf2 40. Nxe5 dxe5 41. Kd2 Rf6 42. Ke3 b5 43. Nc1 a6 44. Nd3 Re6 45.
Rg7 Ne8 46. Ra7 g5 47. Rxa6 g4 48. Ra1 Nf6 49. Rg1 Re8 50. Nf2 Rg8 51. Rg2 Ke7
52. Nh1 Ke6 53. Ng3 Rh8 54. Ke2 Rh3 55. Nf1 Rf3 56. Ng3 Rf4 57. Ke3 Kf7 58. Rf2
Rxf2 59. Kxf2 Kg6 60. Ke3 Kg5 61. Nf5 Nh5 62. b4 Nf4 63. Kf2 Ne6 64. Kg3 Nd4
65. Nxd4 exd4 66. b3 1-0

[Event "Quebec op U2000"]
[Site "Longueuil CAN"]
[Date "2018.07.22"]
[Round "2.37"]
[White "Chevalier, Francois"]
[Black "Hadji Ghanbari, Nader"]
[Result "0-1"]
[WhiteElo "1782"]
[BlackElo "1895"]
[PlyCount "96"]
[EventDate "2018.07.21"]
[EventType "swiss"]
[EventRounds "9"]
[EventCountry "CAN"]

1. d4 d5 2. Bf4 Nf6 3. e3 c5 4. Nd2 Nc6 5. c3 e6 6. Ngf3 cxd4 7. exd4 Nh5 8.
Bg5 f6 9. Bh4 Bd6 10. Bg3 O-O 11. Bxd6 Qxd6 12. g3 g6 13. Bg2 b6 14. O-O Bb7
15. Re1 Rae8 16. Qa4 Ng7 17. Rad1 Nf5 18. Nf1 Na5 19. Ne3 Ng7 20. Qc2 Rc8 21.
Qd2 Nc4 22. Nxc4 dxc4 23. Qe2 Bd5 24. Nd2 Rfe8 25. Bxd5 Qxd5 26. Qe4 Qb5 27.
Qc2 Qc6 28. Qe4 Qa4 29. a3 Rcd8 30. Nf1 e5 31. Qb1 exd4 32. Rxe8+ Qxe8 33. cxd4
Nf5 34. Qc2 Qc6 35. Rc1 b5 36. d5 Rxd5 37. a4 a6 38. axb5 axb5 39. Qe4 Qd7 40.
Ra1 Re5 41. Qf3 Kg7 42. Qa8 Re7 43. Qb8 Nd4 44. Ra8 Ne2+ 45. Kg2 Qb7+ 46. f3
Qxb8 47. Rxb8 Nd4 48. Rd8 Re2+ 0-1

[Event "Quebec op U2000"]
[Site "Longueuil CAN"]
[Date "2018.07.22"]
[Round "2.38"]
[White "Gil, Bernardo"]
[Black "Parenteau, Francois"]
[Result "0-1"]
[WhiteElo "1636"]
[BlackElo "1884"]
[PlyCount "94"]
[EventDate "2018.07.21"]
[EventType "swiss"]
[EventRounds "9"]
[EventCountry "CAN"]

1. d4 g6 2. Nf3 Bg7 3. Bf4 d6 4. Nc3 Nc6 5. Qd2 Bg4 6. e3 e5 7. dxe5 dxe5 8.
Qxd8+ Rxd8 9. Bg3 Nb4 10. Rc1 Bxf3 11. gxf3 Ne7 12. a3 Nbc6 13. Bh3 f5 14. O-O
g5 15. f4 h5 16. f3 g4 17. fxg4 hxg4 18. Bg2 e4 19. Na4 Nd5 20. Rfe1 b5 21. Nc5
Bxb2 22. Rb1 Bxa3 23. Rxb5 a6 24. Nxa6 O-O 25. c4 Ndb4 26. Nxc7 Rd2 27. Bf1 Bb2
28. Re2 Bc1 29. Rxd2 Bxd2 30. Bf2 Kh7 31. Nd5 Kg6 32. Rb6 Kg7 33. Kg2 Rd8 34.
h3 gxh3+ 35. Kxh3 Nxd5 36. cxd5 Nb4 37. Rb7+ Kg6 38. Rb6+ Kf7 39. d6 Nd3 40.
Bh4 Rd7 41. Be2 Bxe3 42. Bh5+ Ke6 43. Rb3 Nxf4+ 44. Kh2 Nxh5 45. Rxe3 Rxd6 46.
Be1 Nf6 47. Bg3 Ng4+ 0-1